000 00536nam a22002171 4500
001 3584430
005 20180308045533.0
008 730208s1960 nyua b 000 0 eng
010 _a 60009620
040 _aDLC
_cDLC
_dDLC
041 _aeng
043 _an-us---
080 _a353.032
082 0 0 _a353.032 NEU
100 1 _a19
101 _aSHP
245 1 0 _aPresidential power,
504 _aIncludes bibliography.
906 _a7
_bcbc
_corignew
_du
_eocip
_f19
_gy-gencatlg
942 _2ddc
_cBK
999 _c44436
_d44436